[Event "Wroclaw Anderssen Memorial"]
[Site "Wroclaw"]
[Date "2022.07.30"]
[Round "9"]
[White "Dobrowolski, Aleksander"]
[Black "Stelmaszuk, Maciej"]
[Result "0-1"]
[WhiteElo "2219"]
[BlackElo "1974"]
[PlyCount "65"]
[EventDate "2022.07.30"]
[EventType "swiss (rapid)"]
[EventRounds "9"]
[EventCountry "POL"]
[SourceTitle "CBM 209 Extra"]
[Source "ChessBase"]
[SourceDate "2022.09.30"]
[SourceVersion "1"]
[SourceVersionDate "2022.09.30"]
[SourceQuality "1"]

1. e4 c5 2. Nf3 Nc6 3. d4 cxd4 4. Nxd4 e5 5. Nb5 d6 6. N1c3 a6 7. Na3 Be7 8. Nc4 b5 9. Ne3 Nf6 10. Ned5 Be6 11. Be3 0-0 12. Be2 b4 13. Nxf6+ Bxf6 14. Nd5 Bg5 15. Bb6 Qd7 16. f3 Bh4+ 17. g3 Bd8 18. Be3 Qb7 19. 0-0 a5 20. c3 Rc8 21. Kg2 Ne7 22. c4 Bxd5 23. cxd5 Bb6 24. Qd3 Bxe3 25. Qxe3 Rc2 26. Rab1 f5 27. Rfc1 Rfc8 28. Rxc2 Rxc2 29. Qd3 Qc8 30. h4 f4 31. g4 Qc5 32. Kh3 Qf2 33. Qd1 0-1

[Event "Wroclaw Anderssen Memorial"]
[Site "Wroclaw"]
[Date "2022.07.30"]
[Round "4"]
[White "Stelmaszuk, Maciej"]
[Black "Zeberski, Jakub"]
[Result "1-0"]
[WhiteElo "1974"]
[BlackElo "2326"]
[PlyCount "83"]
[EventDate "2022.07.30"]
[EventType "swiss (rapid)"]
[EventRounds "9"]
[EventCountry "POL"]
[SourceTitle "CBM 209 Extra"]
[Source "ChessBase"]
[SourceDate "2022.09.30"]
[SourceVersion "1"]
[SourceVersionDate "2022.09.30"]
[SourceQuality "1"]

1. d4 f5 2. g4 fxg4 3. h3 g3 4. fxg3 d5 5. Bg2 Bf5 6. Nf3 e6 7. Bf4 Bd6 8. Ne5 Nd7 9. Qd2 Ngf6 10. Nc3 0-0 11. 0-0-0 Bb4 12. Qe3 c5 13. Nxd7 Qxd7 14. dxc5 Rfc8 15. Be5 Bxc5 16. Bd4 Bxd4 17. Qxd4 Rc4 18. Qxc4 dxc4 19. Rxd7 Nxd7 20. Bxb7 Rb8 21. Be4 Nc5 22. Bxf5 exf5 23. Rf1 g6 24. Rf4 Re8 25. Rxc4 Nd7 26. Rc7 Nf6 27. Rxa7 Re3 28. Kd2 Rxg3 29. b4 Rxh3 30. b5 g5 31. b6 Rxc3 32. Kxc3 Nd5+ 33. Kd4 Nxb6 34. Ra5 Kg7 35. Rxf5 Kg6 36. Rb5 Nc8 37. a4 h5 38. a5 h4 39. Ke3 Kh5 40. Kf3 Nd6 41. Rd5 Nc4 42. a6 1-0

[Event "POL-chT 2nd League"]
[Site "Sypniewo"]
[Date "2021.09.12"]
[Round "9.8"]
[White "Taranowicz, Michal"]
[Black "Stelmaszuk, Maciej"]
[Result "1-0"]
[WhiteElo "1855"]
[BlackElo "2004"]
[PlyCount "53"]
[EventDate "2021.09.04"]
[EventType "team-swiss"]
[EventRounds "9"]
[EventCountry "POL"]
[SourceTitle "CBM 204 Extra"]
[Source "ChessBase"]
[SourceDate "2021.11.30"]
[SourceVersion "1"]
[SourceVersionDate "2021.11.30"]
[SourceQuality "1"]
[WhiteTeam "Olsztyn Trzydziestka"]
[BlackTeam "Wisznia Mala Bialy Krol II"]
[WhiteTeamCountry "POL"]
[BlackTeamCountry "POL"]

1. e4 d5 2. exd5 Qxd5 3. Nc3 Qd8 4. d4 Nf6 5. Bg5 e6 6. Nf3 Be7 7. Bd3 Nbd7 8. 0-0 0-0 9. Qe2 c5 10. Rfe1 Qa5 11. d5 Nb6 12. d6 Bd8 13. Ne5 Nbd7 14. f4 h6 15. Bh4 Nd5 16. Nxd5 exd5 17. Be7 c4 18. Bf5 Nxe5 19. Bxf8 Bxf5 20. Qxe5 Bf6 21. Qxf5 Rxf8 22. d7 Qb6+ 23. Kh1 Qxb2 24. Rad1 d4 25. Re8 d3 26. Rde1 g6 27. Qc5 1-0

[Event "POL-chT 2nd League"]
[Site "Sypniewo"]
[Date "2021.09.07"]
[Round "4.9"]
[White "Stelmaszuk, Maciej"]
[Black "Bugajski, Robert"]
[Result "0-1"]
[WhiteElo "2004"]
[BlackElo "2047"]
[PlyCount "136"]
[EventDate "2021.09.04"]
[EventType "team-swiss"]
[EventRounds "9"]
[EventCountry "POL"]
[SourceTitle "CBM 204 Extra"]
[Source "ChessBase"]
[SourceDate "2021.11.30"]
[SourceVersion "1"]
[SourceVersionDate "2021.11.30"]
[SourceQuality "1"]
[WhiteTeam "Wisznia Mala Bialy Krol II"]
[BlackTeam "Zielonka Zieloni"]
[WhiteTeamCountry "POL"]
[BlackTeamCountry "POL"]

1. d4 Nf6 2. c4 c6 3. Nc3 d5 4. Nf3 e6 5. e3 Nbd7 6. Qc2 Bd6 7. b3 0-0 8. Bb2 Qe7 9. Bd3 dxc4 10. Bxc4 b5 11. Bd3 Bb7 12. Rc1 a6 13. Ng5 h6 14. Nge4 Bb4 15. 0-0 Nd5 16. Nxd5 cxd5 17. Ng3 Rac8 18. Qe2 f5 19. f4 Nf6 20. Rxc8 Rxc8 21. Rc1 Rxc1+ 22. Bxc1 Qc7 23. Qc2 Qxc2 24. Bxc2 Kf7 25. Kf1 g5 26. fxg5 hxg5 27. Ke2 Bd6 28. Nf1 b4 29. h3 Ne4 30. Bxe4 fxe4 31. Kf2 a5 32. Bb2 Ba6 33. Nd2 Bd3 34. g3 Kg6 35. Kg2 Kf5 36. Kf2 Bb5 37. Nb1 Bd3 38. Nd2 Bc2 39. Ba1 Kg6 40. Bb2 Be7 41. Bc1 Bd3 42. Bb2 Kh5 43. Bc1 Kg6 44. Bb2 Kf7 45. Bc1 Ke8 46. Bb2 Kd7 47. Bc1 Kc6 48. Bb2 Kb5 49. Ba1 a4 50. Bb2 Ka5 51. Kg2 a3 52. Ba1 Kb5 53. Kf2 Kc6 54. Kg2 Kd7 55. Kf2 Ke8 56. Kg2 Kf7 57. Kf2 Kg6 58. g4 Bd6 59. Kg2 Bc7 60. Kf2 Bb6 61. Kg2 Kf6 62. Kg3 Bc7+ 63. Kg2 Kg6 64. Kf2 Bf4 65. h4 Bd6 66. h5+ Kh6 67. Kg2 Bc7 68. Nf1 Be2 0-1

[Event "POL-chT 2nd League"]
[Site "Poronin"]
[Date "2020.09.10"]
[Round "6.9"]
[White "Dylag, Emilia"]
[Black "Stelmaszuk, Maciej"]
[Result "1/2-1/2"]
[WhiteElo "2107"]
[BlackElo "1976"]
[PlyCount "82"]
[EventDate "2020.09.05"]
[EventType "team-swiss"]
[EventRounds "9"]
[EventCountry "POL"]
[SourceTitle "CBM 198 Extra"]
[Source "ChessBase"]
[SourceDate "2020.11.30"]
[SourceVersion "1"]
[SourceVersionDate "2020.11.30"]
[SourceQuality "1"]
[WhiteTeam "Krakow Klub Szachistow"]
[BlackTeam "Wisznia Mala Bialy Krol II"]
[WhiteTeamCountry "POL"]
[BlackTeamCountry "POL"]

1. d4 Nf6 2. c4 e6 3. Nc3 d5 4. cxd5 exd5 5. Bg5 Be7 6. e3 c6 7. Bd3 h6 8. Bh4 Nbd7 9. Qc2 0-0 10. Nf3 Re8 11. 0-0 Nf8 12. Rae1 Ne4 13. Bxe7 Qxe7 14. Bxe4 dxe4 15. Nd2 f5 16. f3 exf3 17. Nxf3 Be6 18. e4 fxe4 19. Rxe4 Rad8 20. Qe2 Qd6 21. Ne5 Bd5 22. Re3 Be6 23. Rf4 Nd7 24. Ne4 Qd5 25. Ng6 Bf7 26. Nc3 Qd6 27. Ne5 Nf6 28. g3 Bd5 29. h3 b5 30. Ng4 Rf8 31. Nxf6+ Rxf6 32. Nxd5 cxd5 33. Rxf6 Qxf6 34. Re5 Qg6 35. g4 Rc8 36. Rf5 Rc1+ 37. Kg2 Qc6 38. Rf2 Rc4 39. Qe5 Rc2 40. Qb8+ Kh7 41. Qf4 Rxf2+ 1/2-1/2

[Event "Wroclaw Anderssen Memorial"]
[Site "Wroclaw"]
[Date "2017.12.03"]
[Round "11"]
[White "Stelmaszuk, Maciej"]
[Black "Weichhold, Pawel"]
[Result "0-1"]
[WhiteElo "1939"]
[BlackElo "2421"]
[PlyCount "46"]
[EventDate "2017.12.02"]
[EventType "swiss (rapid)"]
[EventRounds "13"]
[EventCountry "POL"]
[SourceTitle "CBM 181 Extra"]
[Source "ChessBase"]
[SourceDate "2017.12.12"]
[SourceVersion "1"]
[SourceVersionDate "2017.12.12"]
[SourceQuality "1"]

1. d4 Nf6 2. c4 g6 3. Nc3 Bg7 4. Nf3 0-0 5. Bg5 d6 6. e3 h6 7. Bh4 g5 8. Bg3 Nh5 9. Qc2 e6 10. Be2 f5 11. Nd2 Nxg3 12. hxg3 c5 13. dxc5 dxc5 14. Rd1 Qe7 15. Nf3 Nc6 16. 0-0 b6 17. Rd2 Bb7 18. Rfd1 Rad8 19. b3 Rxd2 20. Rxd2 Rd8 21. Nb5 a6 22. Nc3 Qc7 23. Bd3 Nb4 0-1

[Event "Wroclaw Anderssen Memorial"]
[Site "Wroclaw"]
[Date "2017.12.02"]
[Round "7"]
[White "Swicarz, Maciej"]
[Black "Stelmaszuk, Maciej"]
[Result "0-1"]
[WhiteElo "2378"]
[BlackElo "1939"]
[PlyCount "160"]
[EventDate "2017.12.02"]
[EventType "swiss (rapid)"]
[EventRounds "13"]
[EventCountry "POL"]
[SourceTitle "CBM 181 Extra"]
[Source "ChessBase"]
[SourceDate "2017.12.12"]
[SourceVersion "1"]
[SourceVersionDate "2017.12.12"]
[SourceQuality "1"]

1. e4 c5 2. Nf3 Nc6 3. d4 cxd4 4. Nxd4 e5 5. Nb5 d6 6. c4 Be7 7. g3 Be6 8. h4 Nf6 9. N5c3 0-0 10. Bg5 Qa5 11. Bxf6 Bxf6 12. Nd2 Nd4 13. Bd3 Rac8 14. 0-0 Qb4 15. Rb1 a5 16. Kg2 a4 17. a3 Qa5 18. Qxa4 Qd8 19. Rh1 Be7 20. Qd1 f5 21. exf5 Nxf5 22. Nf1 Nd4 23. Ne3 Qd7 24. Be4 Bd8 25. Bd5 Qf7 26. Bxe6 Nxe6 27. Rf1 Nd4 28. Qg4 Bb6 29. Ne4 h5 30. Qd1 Qg6 31. Ng5 Bd8 32. Rh1 Bxg5 33. hxg5 Qe4+ 34. Kg1 Nf3+ 35. Kf1 Nxg5 36. Qd5+ Qxd5 37. Nxd5 Rxc4 38. Rxh5 Ne4 39. Ne7+ Kf7 40. Nf5 Kg6 41. g4 Nd2+ 42. Ke2 Nxb1 43. f3 e4 44. f4 Rc5 45. Rh1 Rc2+ 46. Ke3 Rxb2 47. Nxd6 Nxa3 48. g5 Rb3+ 49. Kxe4 Rb4+ 50. Kd5 Rfxf4 51. Re1 Rbd4+ 52. Kc5 Rxd6 53. Kxd6 Kxg5 54. Kc5 Kf5 55. Re7 g5 56. Rf7+ Ke4 57. Rxb7 g4 58. Rb4+ Kf3 59. Rb3+ Kg2 60. Rxa3 Re4 61. Kd5 Re8 62. Ra2+ Kh3 63. Ra7 g3 64. Rh7+ Kg2 65. Kd4 Kg1 66. Kd3 g2 67. Kd2 Re5 68. Kd3 Kf2 69. Rf7+ Kg3 70. Rg7+ Kf3 71. Rg8 Rd5+ 72. Kc4 Rd7 73. Rf8+ Ke2 74. Re8+ Kf1 75. Rf8+ Kg1 76. Kc3 Rd5 77. Kc4 Rd2 78. Kc3 Rf2 79. Ra8 Kf1 80. Kd3 g1Q 0-1

[Event "POL-chT3 Dolnoslaskie 1718"]
[Site "Poland"]
[Date "2017.11.05"]
[Round "3.22"]
[White "Stelmaszuk, Maciej"]
[Black "Gromczak, Dariusz"]
[Result "1-0"]
[WhiteElo "1929"]
[BlackElo "1943"]
[PlyCount "67"]
[EventDate "2017.10.08"]
[EventType "team-tourn"]
[EventRounds "11"]
[EventCountry "POL"]
[SourceTitle "EXT 2019"]
[Source "ChessBase"]
[SourceDate "2018.10.10"]
[SourceVersion "1"]
[SourceVersionDate "2018.10.10"]
[SourceQuality "1"]

1. d4 d6 2. Nf3 g6 3. c4 Bg7 4. Nc3 c6 5. Qc2 Nd7 6. d5 Ngf6 7. e4 0-0 8. Be2 cxd5 9. cxd5 Nc5 10. Be3 Ng4 11. Bd4 f5 12. Bxg7 Kxg7 13. b4 Nxe4 14. Nxe4 fxe4 15. Qxe4 Qb6 16. 0-0 Bf5 17. Qxe7+ Rf7 18. Qh4 h6 19. Rad1 Re8 20. Bd3 Bxd3 21. Rxd3 Re4 22. a3 Rfe7 23. Nd2 g5 24. Qg3 Rf4 25. Nf3 Nf6 26. Nd2 Re2 27. Rf3 Rxf3 28. Nxf3 Ne4 29. Qg4 Nxf2 30. Qd4+ Qxd4 31. Nxd4 Re4 32. Ne6+ Rxe6 33. dxe6 Ne4 34. e7 1-0

[Event "Pobeskydy op"]
[Site "Frydek Mistek"]
[Date "2017.04.13"]
[Round "2"]
[White "Ludvik, Tomas"]
[Black "Stelmaszuk, Maciej"]
[Result "1-0"]
[WhiteElo "2052"]
[BlackElo "1870"]
[PlyCount "77"]
[EventDate "2017.04.13"]
[EventType "swiss"]
[EventRounds "9"]
[EventCountry "CZE"]
[SourceTitle "CBM 177 Extra"]
[Source "ChessBase"]
[SourceDate "2017.04.27"]
[SourceVersion "1"]
[SourceVersionDate "2017.04.27"]
[SourceQuality "1"]

1. d4 Nf6 2. c4 c5 3. d5 b5 4. cxb5 a6 5. bxa6 g6 6. Nc3 Bxa6 7. Nf3 Bg7 8. g3 0-0 9. Bg2 d6 10. 0-0 Nbd7 11. Rb1 Qa5 12. Bd2 Rfb8 13. Qc2 Ng4 14. b3 Nge5 15. Rfc1 Nxf3+ 16. Bxf3 Ne5 17. Bg2 Qb6 18. h3 Bc8 19. a4 Bf5 20. e4 Bc8 21. b4 cxb4 22. Nb5 Bd7 23. Rxb4 Rc8 24. Qb3 Bxb5 25. Rxb5 Rxc1+ 26. Bxc1 Qc7 27. Be3 Nd7 28. Rb7 Nc5 29. Rxc7 Nxb3 30. Rxe7 Nc5 31. Bxc5 dxc5 32. e5 Rxa4 33. d6 Rd4 34. Re8+ Bf8 35. Rc8 Kg7 36. Rxc5 f6 37. Rc7+ Kh6 38. Rf7 Bg7 39. exf6 1-0

[Event "Pobeskydy op"]
[Site "Frydek Mistek"]
[Date "2017.04.13"]
[Round "1"]
[White "Otruba, Marek"]
[Black "Stelmaszuk, Maciej"]
[Result "0-1"]
[WhiteElo "2049"]
[BlackElo "1870"]
[PlyCount "56"]
[EventDate "2017.04.13"]
[EventType "swiss"]
[EventRounds "9"]
[EventCountry "CZE"]
[SourceTitle "CBM 177 Extra"]
[Source "ChessBase"]
[SourceDate "2017.04.27"]
[SourceVersion "1"]
[SourceVersionDate "2017.04.27"]
[SourceQuality "1"]

1. d4 Nf6 2. Nf3 c5 3. d5 g6 4. c4 b5 5. cxb5 a6 6. bxa6 Bxa6 7. Nc3 Bg7 8. e4 Bxf1 9. Kxf1 d6 10. g3 0-0 11. Kg2 Nbd7 12. a4 Qa5 13. Qc2 Rfb8 14. Bd2 Qb4 15. Rhb1 Qb3 16. Qxb3 Rxb3 17. a5 Ng4 18. Be1 Nge5 19. Nd2 Rbb8 20. f4 Nd3 21. Nc4 Rb4 22. Ne3 Nxe1+ 23. Rxe1 Rxb2+ 24. Ne2 Rxe2+ 25. Rxe2 Bxa1 26. Ra2 Bd4 27. Nc2 Nb8 28. Ra3 Na6 0-1

[Event "POL-chT3 Dolnoslaskie 1617"]
[Site "Poland"]
[Date "2016.12.11"]
[Round "4.17"]
[White "Stelmaszuk, Maciej"]
[Black "Swicarz, Maciej"]
[Result "0-1"]
[WhiteElo "1835"]
[BlackElo "2294"]
[PlyCount "50"]
[EventDate "2016.10.16"]
[EventType "team-tourn"]
[EventRounds "11"]
[EventCountry "POL"]
[SourceTitle "EXT 2018"]
[Source "ChessBase"]
[SourceDate "2017.10.13"]
[SourceVersion "1"]
[SourceVersionDate "2017.10.13"]
[SourceQuality "1"]

1. d4 Nf6 2. c4 e6 3. Nf3 b6 4. a3 Bb7 5. Nc3 d5 6. cxd5 exd5 7. Bf4 Be7 8. e3 0-0 9. Bd3 c5 10. 0-0 Nc6 11. Rc1 Nh5 12. Bg3 g6 13. Ne5 Na5 14. f4 Nc4 15. Nxc4 dxc4 16. Bxc4 Nxg3 17. hxg3 cxd4 18. exd4 Rc8 19. Ba2 Qd7 20. f5 Bg5 21. Rc2 Be3+ 22. Kh2 Qxd4 23. fxg6 Qg7 24. gxf7+ Kh8 25. Qh5 Rc6 0-1

[Event "POL-chT3 Dolnoslaskie 1516"]
[Site "Poland"]
[Date "2016.01.24"]
[Round "6.13"]
[White "Dmochowska, Agnieszka"]
[Black "Stelmaszuk, Maciej"]
[Result "1-0"]
[WhiteElo "1891"]
[BlackElo "1809"]
[PlyCount "91"]
[EventDate "2015.10.18"]
[EventType "team-tourn"]
[EventRounds "11"]
[EventCountry "POL"]
[SourceTitle "EXT 2018"]
[Source "ChessBase"]
[SourceDate "2017.10.13"]
[SourceVersion "1"]
[SourceVersionDate "2017.10.13"]
[SourceQuality "1"]

1. e4 c5 2. Nf3 g6 3. c4 Nc6 4. d4 cxd4 5. Nxd4 Bg7 6. Nc2 d6 7. Nc3 Nf6 8. Be2 0-0 9. 0-0 Be6 10. Re1 Rc8 11. Bf1 a6 12. Nd5 Na5 13. Na3 Nd7 14. Rb1 Nb6 15. b3 Nc6 16. Nc2 a5 17. Be3 Nd7 18. Qd2 Nc5 19. Bg5 Re8 20. b4 axb4 21. Ncxb4 Ra8 22. Nd3 Nxd3 23. Bxd3 Bxd5 24. exd5 Na5 25. Be3 Qc8 26. Rec1 b6 27. Rxb6 Nb7 28. Rc6 Qd7 29. c5 dxc5 30. Bb5 Qf5 31. Rc7 Reb8 32. Bc6 Ra7 33. Bxc5 Nxc5 34. Rxa7 Nd3 35. Rf1 Bd4 36. Ra8 Rxa8 37. Bxa8 Bc5 38. h3 Bd6 39. Qe3 Ne5 40. Rc1 Nc4 41. Rxc4 Qb1+ 42. Qc1 Qxa2 43. g3 Kg7 44. Bc6 f6 45. Kg2 h5 46. Bd7 1-0

[Event "Wroclaw op 9th"]
[Site "Wroclaw"]
[Date "2014.07.05"]
[Round "9"]
[White "Korpalski, Maciej"]
[Black "Stelmaszuk, Maciej"]
[Result "1-0"]
[WhiteElo "1745"]
[BlackElo "1625"]
[PlyCount "93"]
[EventDate "2014.06.29"]
[EventType "swiss"]
[EventRounds "9"]
[EventCountry "POL"]
[SourceTitle "EXT 2015"]
[Source "ChessBase"]
[SourceDate "2014.11.20"]
[SourceVersion "1"]
[SourceVersionDate "2014.11.20"]
[SourceQuality "1"]

1. e4 c5 2. Nf3 Nc6 3. d4 cxd4 4. Nxd4 e5 5. Nb5 d6 6. c4 Be7 7. N1c3 a6 8. Na3 f5 9. Bd3 f4 10. g3 Nf6 11. gxf4 exf4 12. Bxf4 0-0 13. Bg3 Bh3 14. Nc2 Ng4 15. f4 h5 16. Qe2 h4 17. 0-0-0 Nh6 18. Ne3 hxg3 19. hxg3 Bd7 20. Rxh6 gxh6 21. Qh5 Qe8 22. Qxh6 Rf6 23. Qh2 Bf8 24. Ncd5 Rh6 25. Qxh6 Bxh6 26. Nf6+ Kf7 27. Nxe8 Rxe8 28. Bc2 Rg8 29. Rxd6 Be6 30. Nf5 Bf8 31. Rd3 Rh8 32. Ne3 Bc5 33. Nd5 Nd4 34. b4 Ne2+ 35. Kd1 Bg4 36. bxc5 Nxf4+ 37. Kd2 Rh2+ 38. Kc3 Nxd3 39. Kxd3 Rg2 40. Ne3 Rxg3 41. Kd4 Bd7 42. e5 Bc6 43. Bd1 Rh3 44. Nf5 Rh2 45. Nd6+ Ke7 46. Bg4 Rh4 47. Nf5+ 1-0